¿Por qué es importante la ecología política? /
La econología política, un campo interdisciplinario en constante construcción, es una herramienta teórico-analítica de relevancia, sobre todo ante la intensificación desigual del consumo de energía y materiales, de los efectos no deseados de ciertas tecnologías, así como de la generación de desechos...
Sparad:
| Huvudupphovsman: | |
|---|---|
| Materialtyp: | Text |
| Ämnen: | |
| Taggar: |
Lägg till en tagg
Inga taggar, Lägg till första taggen!
|
MARC
| LEADER | 00000 a a2200000 04500 | ||
|---|---|---|---|
| 001 | 45612 | ||
| 003 | |||
| 040 | |||
| 100 | |a Delgado Ramos, Gian Carlo | ||
| 245 | |a ¿Por qué es importante la ecología política? / |c Gian Carlo Delgado Ramos | ||
| 520 | |a La econología política, un campo interdisciplinario en constante construcción, es una herramienta teórico-analítica de relevancia, sobre todo ante la intensificación desigual del consumo de energía y materiales, de los efectos no deseados de ciertas tecnologías, así como de la generación de desechos cuyos impactos se reflejan cada vez más en conflictos socioambientales de diversa índole y escala. El artículo revisa los orígenes y desarrollo de la ecología política, poniendo el énfasis en las contribuciones latinoamericanas y trazando algunas reflexiones en torno de la construcción de alternativas desde y para los pueblos de América Latina. | ||
| 590 | |a MBA/ABRIL2014 | ||
| 650 | |a ECOLOGIA | ||
| 650 | |a POLITICA | ||
| 650 | |a CONFLICTOS SOCIALES | ||
| 650 | |a MEDIO AMBIENTE | ||
| 650 | |a CONTAMINACION | ||
| 650 | |a DETERIORO AMBIENTAL | ||
| 650 | |a ECONOMIA AMBIENTAL | ||
| 650 | |a RECURSOS NATURALES | ||
| 650 | |a URBANIZACION | ||
| 650 | |a PODER POLITICO | ||
| 650 | |a AMERICA LATINA | ||
| 773 | |g número244 (2013), páginas 47-60 | ||
| 999 | |c 24295 |d 24295 | ||
